Philippine postcolonial studies : (Record no. 6893)

MARC details
000 -LEADER
fixed length control field 00790nam a22002177a 4500
003 - CONTROL NUMBER IDENTIFIER
control field OSt
005 - DATE AND TIME OF LATEST TRANSACTION
control field 20251205013037.0
008 - FIXED-LENGTH DATA ELEMENTS--GENERAL INFORMATION
fixed length control field 251205b |||||||| |||| 00| 0 eng d
020 ## - INTERNATIONAL STANDARD BOOK NUMBER
International Standard Book Number 978-971-542-021-1.
040 ## - CATALOGING SOURCE
Original cataloging agency DWCL-Admin lib
Transcribing agency OC
082 ## - DEWEY DECIMAL CLASSIFICATION NUMBER
Classification number Fil. 899.211 P557 2004
100 ## - MAIN ENTRY--PERSONAL NAME
Personal name Hidalgo, Cristina Pantoja
245 ## - TITLE STATEMENT
Title Philippine postcolonial studies :
Remainder of title essays or language and literature /
Statement of responsibility, etc. Cristina Pantoja Hidalgo
260 ## - PUBLICATION, DISTRIBUTION, ETC.
Place of publication, distribution, etc. quezon City :
Name of publisher, distributor, etc. The University of the Philippines Press,
Date of publication, distribution, etc. c2004
300 ## - PHYSICAL DESCRIPTION
Extent viii, 155 p. :
Dimensions 23 cm.
650 ## - SUBJECT ADDED ENTRY--TOPICAL TERM
Topical term or geographic name entry element 1. Philippine literature-History and criticism
650 ## - SUBJECT ADDED ENTRY--TOPICAL TERM
Topical term or geographic name entry element 2. Postcolonialism in literature.
650 ## - SUBJECT ADDED ENTRY--TOPICAL TERM
Topical term or geographic name entry element 3. Postcolonialism-Philippines.
700 ## - ADDED ENTRY--PERSONAL NAME
Personal name Patajo-Legasto, Priscelina
942 ## - ADDED ENTRY ELEMENTS (KOHA)
Source of classification or shelving scheme Dewey Decimal Classification
Koha item type Book-Filipiniana
Edition 2nd ed.
Call number prefix Fil.
Suppress in OPAC No
952 ## - LOCATION AND ITEM INFORMATION (KOHA)
--
Holdings
Withdrawn status Lost status Source of classification or shelving scheme Damaged status Not for loan Home library Current library Shelving location Date acquired Source of acquisition Cost, normal purchase price Total Checkouts Full call number Barcode Date last seen Copy number Price effective from Koha item type Uniform Resource Identifier
    Dewey Decimal Classification     College Library College Library Filipiniana 07/01/2011 School Fund 750.00   Fil. 899.211 P557 2004 48589 12/05/2025 c1 12/05/2025 BK - FIL